000 00646cam a22002413a 4500
001 2450
003 PGUSA
005 20140828083015.0
008 060322s2006||||xxu|||||s|||||000 1 eng d
040 _aPGUSA
_beng
042 _adc
050 4 _aPG
100 1 _aTolstoy, Leo, graf,
_d1828-1910
245 1 0 _aBoyhood
_h[electronic resource] /
_cLeo, graf Tolstoy
260 _bProject Gutenberg,
_c2006
506 _aPublic domain in the USA.
516 _aElectronic text
653 _aRussia -- Fiction
700 1 _aHogarth, C. J.
830 0 _aProject Gutenberg
_v2450
856 4 0 _uhttp://www.gutenberg.org/ebooks/2450
942 _cEB
999 _c231787
_d231787